000 00750nam a2200241Ia 4500
008 191130s2003##################000#0#eng##
020 _a9781402013461
022 _a2003048957
040 _aACL
_cACL
082 _a363.7 DOL
245 _aGlobal environmental change and land use
_cedited by A. J. Dolman, A. Verhagen, C. A. Rovers
260 _aDordrecht ; Boston
_bKluwer Academic Publishers
_cc2003
300 _axi, 210 p. : ill. ; 25 cm
500 _aIncludes bibliographical references and index
650 _aGlobal environmental change
650 _aLand use
700 _aDolman, A. J
700 _aRovers, C. A
700 _aVerhagen, A
990 _ab470ec45ac10000c0120857b37f50b26
991 _a225509
999 _c195185
_d195185